UK Town and City Trivia - Gloucester - Statistics

General Stats
  • This quiz has been taken 54 times
  • The average score is 8 of 15
Answer Stats
Hint Answer % Correct
Olympic ski jumper who started skiing at Gloucester's dry ski slope Eddie the {Eagle}
91%
Popular movie franchise which used the cathedral cloisters as a location Harry Potter
89%
Major river that flows through Gloucester Severn
89%
North-south motorway that passes to the east of Gloucester M5
77%
Star of 'Hot Fuzz' who grew up locally and attended The King's School Simon Pegg
68%
Monarch who is interred in Gloucester Cathedral Edward II
64%
Traditional Gloucester pig breed, known for its two tone colouring Gloucester {Old} {Spot}
57%
Home stadium of Gloucester's professional rugby union team Kingsholm
55%
US national anthem which is sung to the tune of 'The Anacreontic Song', written by Gloucester born composer John Stafford Smith The Star-Spangled Banner
55%
Beatrix Potter story inspired by an old shop in Gloucester The {Tailor} of Gloucester
47%
Roman name give to what became the city of Gloucester Glevum
38%
Cathedral window that was once the largest in the world and is still a landmark of European medieval stained glass Great {East} Window
34%
Canal that connects Gloucester Docks to the above river Gloucester and {Sharpness}
30%
Gloucester born philanthropist who promoted the national Sunday school movement Robert Raikes
19%
Aircraft designed in Gloucester that became the RAF's last biplane fighter Gloster Gladiator
15%
No matching quizzes found
Score Distribution
Percent of People with Each Score
Percentile by Number Answered
Your Score History
You have not taken this quiz